| 000 | 00483nam a2200169Ia 4500 | ||
|---|---|---|---|
| 999 |
_c20246 _d20246 |
||
| 003 | OSt | ||
| 005 | 20200131155728.0 | ||
| 008 | 190216s9999||||xx |||||||||||||| ||und|| | ||
| 040 | _coclc | ||
| 082 |
_a954.0359 _bCHO/Q |
||
| 100 |
_aChopra, P N _9632 |
||
| 245 | 0 |
_aQuit India Movement / _cP N Chopra |
|
| 260 |
_bPublications Division, _c1987. _aNew Delhi: |
||
| 300 | _a91p | ||
| 650 | _aIndian History | ||
| 942 |
_cBK _2ddc _h954.0359 _iCHO/Q _k954.0359 _mCHO/Q |
||